[Event "AUTO-MASTER-261"]
[Site "http://www.queenalice.com/game.php?id=162674"]
[Date "2007.2.2"]
[Round "1"]
[White "marcosnatal"]
[Black "G0LES"]
[Result "1-0"]
[WhiteElo "2178"]
[BlackElo "2170"]

1. d4 Nf6 2. c4 g6 3. Nc3 d5 4. Nf3 Bg7 5. cxd5 Nxd5 6. e3 O-O 7. Be2 Nc6 8. O-O
Bf5 9. Ng5 h6 10. Nxd5 Qxd5 11. Bf3 Qc4 12. Ne4 Rad8 13. b3 Qb5 14. a4 Qb6 15.
Ba3 Be6 16. Nc5 1-0

[Event "AUTO-MASTER-261"]
[Site "http://www.queenalice.com/game.php?id=162675"]
[Date "2007.2.2"]
[Round "1"]
[White "G0LES"]
[Black "marcosnatal"]
[Result "0-1"]
[WhiteElo "2183"]
[BlackElo "2165"]

1. d4 d5 2. c4 c6 3. Nc3 Nf6 4. Nf3 Bg4 5. e3 e6 6. h3 Bh5 7. g4 Bg6 8. Ne5 Nbd7
9. Nxg6 hxg6 10. cxd5 cxd5 11. Bd2 a6 12. Bd3 g5 13. h4 gxh4 14. g5 Ng8 15. Qg4
h3 16. e4 dxe4 0-1

[Event "AUTO-MASTER-261"]
[Site "http://www.queenalice.com/game.php?id=162686"]
[Date "2007.2.2"]
[Round "1"]
[White "Natacha"]
[Black "G0LES"]
[Result "1-0"]
[WhiteElo "2020"]
[BlackElo "2129"]

1. d4 Nf6 2. c4 g6 3. Nc3 d5 4. cxd5 Nxd5 5. e4 Nxc3 6. bxc3 Bg7 7. Nf3 c5 8.
Bb5+ Bd7 9. Rb1 O-O 10. O-O Qc7 11. g3 1-0

[Event "AUTO-MASTER-261"]
[Site "http://www.queenalice.com/game.php?id=162687"]
[Date "2007.2.2"]
[Round "1"]
[White "G0LES"]
[Black "Natacha"]
[Result "0-1"]
[WhiteElo "2067"]
[BlackElo "2040"]

1. c4 Nf6 2. Nc3 e5 3. Nf3 Nc6 4. g3 d5 5. cxd5 Nxd5 6. d3 Be7 7. Bg2 Be6 8. O-O
O-O 9. Bd2 h6 10. Rc1 Nf6 11. Qc2 Qd7 12. a3 Rfd8 13. Na4 Bd5 0-1

[Event "AUTO-MASTER-261"]
[Site "http://www.queenalice.com/game.php?id=162694"]
[Date "2007.2.2"]
[Round "1"]
[White "G0LES"]
[Black "Paranista"]
[Result "1/2-1/2"]
[WhiteElo "2240"]
[BlackElo "2052"]

1. c4 c5 2. Nf3 Nf6 3. Nc3 Nc6 4. g3 g6 5. Bg2 Bg7 6. O-O O-O 7. d3 d6 8. a3 Bd7
9. Rb1 a5 10. Bd2 Ne8 11. Ne1 Nc7 12. Nc2 Rb8 13. b4 axb4 14. axb4 cxb4 15. Nxb4
Nxb4 16. Rxb4 b5 17. Nxb5 Nxb5 18. cxb5 Rxb5 19. Rxb5 Bxb5 20. Qb3 Bd7 21. Bd5
Bh3 22. Rc1 e6 23. Bb7 Qe7 24. Qb6 Qd8 25. Qb5 Qe7 26. Qb6 Qd8 1/2-1/2

[Event "AUTO-MASTER-261"]
[Site "http://www.queenalice.com/game.php?id=162695"]
[Date "2007.2.2"]
[Round "1"]
[White "Paranista"]
[Black "G0LES"]
[Result "1/2-1/2"]
[WhiteElo "2060"]
[BlackElo "2234"]

1. e4 e6 2. d4 d5 3. Nd2 c5 4. exd5 Qxd5 5. Ngf3 cxd4 6. Bc4 Qd6 7. O-O Nf6 8.
Nb3 Nc6 9. Nbxd4 Nxd4 10. Nxd4 a6 11. Re1 Qc7 12. Bb3 Bd6 13. Nf5 Bxh2+ 14. Kh1
O-O 15. Nxg7 Rd8 16. Qf3 Kxg7 17. g3 b5 18. Kxh2 Bb7 19. Qf4 Qc6 20. Rg1 Rd1 21.
Be3 Rxa1 22. Qh6+ Kg8 23. Qg5+ Kf8 24. Qc5+ Ke8 25. Qxc6+ Bxc6 26. Rxa1 Ng4+ 27.
Kh3 Nxe3 28. fxe3 Rd8 29. a4 b4 30. Bc4 a5 31. Bb5 Rc8 32. c4 Ke7 33. g4 Bf3 34.
Kg3 Be4 35. Rd1 Rc7 36. Kf4 f5 37. gxf5 exf5 38. Rd2 Ke6 1/2-1/2

[Event "AUTO-ELITE-96"]
[Site "http://www.queenalice.com/game.php?id=163546"]
[Date "2007.2.4"]
[Round "1"]
[White "vlad"]
[Black "G0LES"]
[Result "1-0"]
[WhiteElo "2327"]
[BlackElo "2210"]

1. d4 Nf6 2. c4 g6 3. Nc3 d5 4. cxd5 Nxd5 5. e4 Nxc3 6. bxc3 Bg7 7. Nf3 c5 8.
Be3 Qa5 9. Qd2 Nc6 10. Rc1 cxd4 11. cxd4 Qxd2+ 12. Kxd2 1-0

[Event "AUTO-ELITE-96"]
[Site "http://www.queenalice.com/game.php?id=163547"]
[Date "2007.2.4"]
[Round "1"]
[White "G0LES"]
[Black "vlad"]
[Result "0-1"]
[WhiteElo "2092"]
[BlackElo "2335"]

1. d4 Nf6 2. c4 e6 3. Nf3 b6 4. g3 Ba6 5. b3 Bb4+ 6. Bd2 Be7 7. Bg2 c6 8. Bc3 d5
9. Ne5 Nfd7 10. Nxd7 Nxd7 11. Nd2 O-O 12. O-O Nf6 13. e4 b5 14. Re1 dxe4 0-1

[Event "AUTO-ELITE-96"]
[Site "http://www.queenalice.com/game.php?id=163554"]
[Date "2007.2.4"]
[Round "1"]
[White "G0LES"]
[Black "ENDHER"]
[Result "0-1"]
[WhiteElo "2191"]
[BlackElo "2319"]

1. d4 d5 2. c4 Nf6 3. Nf3 e6 4. Nc3 Be7 5. g3 O-O 6. Bg2 c6 7. O-O dxc4 8. Ne5
c5 9. dxc5 Qc7 10. Nxc4 Qxc5 11. Qb3 Nc6 12. Be3 Qh5 13. Bf3 Ng4 14. Bxg4 Qxg4
15. Rfd1 f5 16. Bf4 Bc5 17. e3 g5 18. Bd6 Bxd6 19. Rxd6 f4 20. exf4 gxf4 21.
Rad1 Kh8 22. R6d3 e5 23. Nd6 f3 24. Qd5 Be6 0-1

[Event "AUTO-ELITE-96"]
[Site "http://www.queenalice.com/game.php?id=163555"]
[Date "2007.2.4"]
[Round "1"]
[White "ENDHER"]
[Black "G0LES"]
[Result "1-0"]
[WhiteElo "2310"]
[BlackElo "2200"]

1. c4 c5 2. Nf3 Nf6 3. Nc3 d5 4. cxd5 Nxd5 5. d4 Nxc3 6. bxc3 g6 7. Bf4 Bg7 8.
e3 Qa5 9. Qd2 O-O 10. Bd3 Nc6 11. O-O Bg4 12. Be4 Bxf3 13. Bxf3 cxd4 14. exd4 e5
15. dxe5 Rad8 16. Qe3 Bxe5 17. Bxe5 Nxe5 18. Bxb7 Rd3 19. Qh6 Qxc3 20. Rae1 Rb8
21. Be4 Rd4 22. Qg5 Rd2 23. a4 Qd4 24. Qg3 Rd8 25. a5 Nd3 26. Re3 1-0

[Event "Curitiba Players"]
[Site "http://www.queenalice.com/game.php?id=164028"]
[Date "2007.2.5"]
[Round "1"]
[White "jeffersonchess"]
[Black "G0LES"]
[Result "1-0"]
[WhiteElo "1839"]
[BlackElo "2114"]

1. e4 e6 2. d4 d5 3. Nd2 c5 4. exd5 Qxd5 5. Ngf3 cxd4 6. Bc4 Qd6 7. O-O Nf6 8.
Nb3 Nc6 9. Nbxd4 Nxd4 10. Nxd4 a6 11. Bb3 Qc7 12. Re1 Bd7 13. c3 Bd6 14. h3 h6
15. Qf3 O-O-O 16. Be3 Kb8 17. a4 e5 18. Nc2 Bc6 19. Qe2 Nd5 20. Rad1 Be7 21. Bc1
f6 22. Na1 g5 23. Bc2 1-0

[Event "Spike"]
[Site "http://www.queenalice.com/game.php?id=167331"]
[Date "2007.2.12"]
[Round "2"]
[White "gbsalvio"]
[Black "G0LES"]
[Result "1-0"]
[WhiteElo "2374"]
[BlackElo "2230"]

1. Nc3 e6 2. d4 d5 3. e4 Bb4 4. a3 Bxc3+ 5. bxc3 dxe4 6. f3 c5 7. Be2 Nf6 8.
fxe4 Nc6 9. Nf3 Nxe4 10. Qd3 f5 11. O-O Qa5 12. Bb2 O-O 13. Rad1 Qb6 14. Qb5
Qxb5 15. Bxb5 Bd7 16. Nd2 cxd4 17. cxd4 Rac8 18. Nxe4 fxe4 19. d5 exd5 20. Rxd5
Be6 21. Rd6 Nd8 22. c3 Bf7 23. Rd4 a6 24. Be2 Re8 25. c4 Rc7 26. Rfd1 Nc6 27.
Rd7 Rxd7 28. Rxd7 Re7 29. Rxe7 Nxe7 30. Kf2 Nf5 31. Be5 Be6 32. g4 Nh6 33. h3
Nf7 34. Bf4 Bd7 35. Ke3 Bc6 36. Bf1 Nd8 37. Bg2 Ne6 38. Bxe4 Bxe4 39. Kxe4 Nxf4
40. Kxf4 Kf7 41. Ke5 Ke7 42. Kd5 Kd7 43. Kc5 Kc7 44. h4 b6+ 45. Kd5 Kd7 46. a4
g6 47. g5 Kc7 48. Ke5 Kc6 49. Kf6 1-0

[Event "Game 2"]
[Site "http://www.queenalice.com/game.php?id=171482"]
[Date "2007.2.20"]
[Round "-"]
[White "G0LES"]
[Black "Sidinei"]
[Result "0-1"]
[WhiteElo "2158"]
[BlackElo "2106"]

1. d4 Nf6 2. c4 e6 3. Nc3 Bb4 4. Qc2 O-O 5. a3 Bxc3+ 6. Qxc3 b6 7. Nf3 Bb7 8. g3
Ne4 9. Qc2 Nd6 10. Bg2 Be4 11. Qc3 Nc6 12. b4 Qf6 13. Bb2 b5 14. cxb5 Nxb5 15.
Qd2 d5 16. Rd1 Nd6 17. Rc1 Ne7 18. Rxc7 Rfc8 19. Qc1 Nc4 20. Rxc8+ Rxc8 21. Bc3
Nb6 22. Qd2 Nf5 23. O-O Nc4 0-1